000 00830nam a22002657a 4500
001 BR7503389
003 BR-BrBNA
005 20230928084808.0
007 ta
008 230509b bl.||||| |||| 00| 0 por d
040 _aBR-BrBNA
_bpor
_cBiblioteca Nacional de Agricultura
041 _a(Por)
072 _aL73
_b/G514
090 _ L73 BR7503389
110 1 _aSecretaria de Estado da Agricultura, Curitiba, PR (Brasil). Depto. de Fiscalizacao
_98818
245 1 _aDocumento tecnico. Defesa sanitaria animal [Brasil]
260 3 _aCuritiba, PR (Brasil):
_c1975.
300 _a27 p.
500 _a(*) Documento disponível no(a) Biblioteca Estadual da Agricultura, Curitiba, PR (Brazil)
650 _aDOENCA ANIMAL
650 _aERRADICACAO
650 _aPARANA
909 _a202309
_bLucia
_c55
_dLucia Elande
942 _cBK
999 _c21148
_d21148